Porcupine Tree Discography - Statistics

General Stats
  • This quiz has been taken 81 times
    54 since last reset
  • The average score is 14 of 41
Answer Stats
Type Year Name % Correct
Album 2007 Fear of a Blank Planet
88%
Album 2002 In Absentia
88%
Album 2005 Deadwing
86%
Album 2000 Lightbulb Sun
84%
Album 2022 Closure/Continuation
74%
Album 2009 The Incident
74%
Album 1999 Stupid Dream
67%
Album 1995 The Sky Moves Sideways
63%
Album 1996 Signify
60%
Album 1992 On the Sunday of Life
58%
Album 1993 Up the Downstair
56%
Concert Film 2010 Anesthetize
53%
Concert Film 2006 Arriving Somewhere...
49%
Compilation 2001 Recordings
49%
Compilation 2002 Stars Die: The Delerium Years 1991–1997
40%
EP 2007 Nil Recurring
37%
Compilation 2000 Voyage 34: The Complete Trip
37%
Live Album 2012 Octane Twisted
30%
Live Album 1997 Coma Divine – Recorded Live in Rome
28%
Live Album 2004 Warszawa
26%
EP 1994 Moonloop
23%
EP 1994 Staircase Infinities
23%
Compilation 1998 Metanoia
21%
Demo 1989 Tarquin's Seaweed Farm
16%
EP 2003 Futile
14%
EP 2020 Pure Narcotic
14%
Demo 1991 The Nostalgia Factory
14%
Compilation 1994 Yellow Hedgerow Dreamscape
14%
Live Album 2009 Ilosaarirock
12%
Compilation 1997 Insignificance
12%
Demo 1990 Love, Death & Mussolini
12%
Live Album 1994 Spiral Circus
12%
Live Album 2003 XM
12%
Live Album 2005 XMII
12%
Live Album 2010 Atlanta
9%
Live Album 2006 Rockpalast
9%
Live Album 2008 We Lost the Skyline
9%
EP 1999 Coma Divine II
7%
Box Set 2020 Delerium Years / 1991-1997
7%
Live Album 2020 House of Blues Los Angeles 2003
7%
EP 2001 Transmission IV
7%
No matching quizzes found
Score Distribution
Percent of People with Each Score
Percentile by Number Answered
Your Score History
You have not taken this quiz since the last reset